000 00451ntaaa2200181 4500
003 01
005 20251027202429.0
008 0714s1973 ag 01
040 _aAR-BaBN
_bspa
_cAR-BaBN
_eaacr
_dRIC
082 _a261.7100 As8
100 _aAstrada, Carlos
_916
245 _aEl Marxismo y las escatologías
250 _a1 ed.
260 _aBuenos Aires :
_bEdiciones Procyon,
_cc1957
300 _a239 p.
650 _aComunismo
_92897
942 _cBK
999 _c19241
_d19241